| 000 | 00595nam a2200205Ia 4500 | ||
|---|---|---|---|
| 001 | 7070 | ||
| 003 | GE_BSU | ||
| 008 | 181216s||||||||xx |||||||||||||| ||und|| | ||
| 040 | _cGE_BSU | ||
| 080 | _a514.116 | ||
| 100 | _aАндронов,И.К. | ||
| 245 | _aКурс тригонометрии,развиваемый на основе реальных задач | ||
| 245 | _cРед. Л.А. Сидорова | ||
| 260 | _aМосква | ||
| 260 | _bПросвещение | ||
| 260 | _c1967 | ||
| 300 | _a648стр. 20см. | ||
| 653 | _aКурс тригонометрии | ||
| 942 | _cBK | ||
| 999 |
_c40460 _d40460 |
||